000 00452nam a2200181Ia 4500
001 23614
005 20260414150949.0
008 260414t2017||||xx |||||||||||||| ||spa||
041 _aESP
082 _a670.42
_bV66A
100 _aVillaseƱor Contreras, Alberto
_eAUT
245 0 _aConceptos y reglas de lean manufacturing
_b
260 _c2017
300 _a304 pƔginas :
_c28 cm.
650 _aTCA
654 _aCII
942 _cLIB
_dJUS
_fJUS
_2ddc
_n
999 _c23614
_d23614